The Ultimate Gymnastics Quiz - Statistics

General Stats
  • This quiz has been taken 165 times
  • The average score is 7 of 8
Answer Stats
Hint Answer % Correct
The event where a gymnast runs up to a springboard and goes over a large block. Vault
94%
The article of clothing a gymnast typically wears. Leotard
92%
When a gymnast does a cartwheel without hands Aerial
90%
The Gymnast who won the gold medal for USA in the 2016 Rio Olympics. Simone Biles
90%
The move that a gymnast often does following a round off in her floor excersize. Back handspring
84%
When a gymnast jumps off the ground, her legs split apart. Split jump
75%
When a gymnast does a front tuck with a straight body. Layout
73%
When a gymnast flies off the uneven bars after a routine, such as a tuck or layout. Flyaway
62%
No matching quizzes found
Score Distribution
Percent of People with Each Score
Percentile by Number Answered
Your Score History
You have not taken this quiz